书目信息 |
| 题名: |
可编程控制器原理及应用
|
|
| 作者: | 宫淑贞 , 徐世许 编著 | |
| 分册: | ||
| 出版信息: | 北京 人民邮电出版社 2009.04 |
|
| 页数: | 338页 | |
| 开本: | 26cm | |
| 丛书名: | 21世纪高等学校计算机规划教材 | |
| 单 册: | ||
| 中图分类: | TP332.3 | |
| 科图分类: | ||
| 主题词: | 可编程序控制器--高等学校--教材 | |
| 电子资源: | ||
| ISBN: | 978-7-115-19143-4 | |
| 000 | 01313nam 2200301 450 | |
| 001 | 0011142263 | |
| 005 | 20100604174251.28 | |
| 010 | @a978-7-115-19143-4@dCNY36.00 | |
| 100 | @a20100515d2009 em y0chiy0110 ea | |
| 101 | 0 | @achi |
| 102 | @aCN@b110000 | |
| 105 | @aa a 000yy | |
| 200 | 1 | @a可编程控制器原理及应用@Ake bian cheng kong zhi qi yuan li ji ying yong@d= Programmable logic controller@f宫淑贞, 徐世许编著@Fgong shu zhen,xu shi xu bian zhu@zeng |
| 205 | @a第2版 | |
| 210 | @a北京@c人民邮电出版社@d2009.04 | |
| 215 | @a338页@c图@d26cm | |
| 225 | 2 | @a21世纪高等学校计算机规划教材@d21st century University planned textbooks of computer science@i精品系列@zeng |
| 320 | @a有书目(第338页) | |
| 330 | @a本书以广泛应用的OMRON高性能小型机CPM1A/CPM2A为背景,系统地阐述PLC的组成、工作原理和指令系统,详细讲解PLC控制系统的设计方法。还介绍了OMRON的HOST Link、PLC Link和无协议3种串行通信方式,及OMRON当前主推的CompoBus/D、Controller Link、Ethernet这3种FA网络。 | |
| 410 | 0 | @12001 @a21世纪高等学校计算机规划教材 |
| 410 | 0 | @12001 @a精品系列 |
| 510 | 1 | @aProgrammable logic controller@zeng |
| 606 | 0 | @a可编程序控制器@x高等学校@j教材 |
| 690 | @aTP332.3@v4 | |
| 701 | 0 | @a宫淑贞@Agong shu zhen@4编著 |
| 701 | 0 | @a徐世许@Axu shi xu@4编著 |
| 801 | 0 | @aCN@c20100515 |
| 905 | @dTP332.3@eG375=2@f3 | |
| 可编程控制器原理及应用= Programmable logic controller/宫淑贞, 徐世许编著.-第2版.-北京:人民邮电出版社,2009.04 |
| 338页:图;26cm.-(21世纪高等学校计算机规划教材=21st century University planned textbooks of computer science.精品系列) |
| ISBN 978-7-115-19143-4:CNY36.00 |
| 本书以广泛应用的OMRON高性能小型机CPM1A/CPM2A为背景,系统地阐述PLC的组成、工作原理和指令系统,详细讲解PLC控制系统的设计方法。还介绍了OMRON的HOST Link、PLC Link和无协议3种串行通信方式,及OMRON当前主推的CompoBus/D、Controller Link、Ethernet这3种FA网络。 |
| ● |
| 相关链接 |
|
|
|
正题名:可编程控制器原理及应用
索取号:TP332.3/G375=2
 
预约/预借
| 序号 | 登录号 | 条形码 | 馆藏地/架位号 | 状态 | 备注 |